000
00312nam a22001337a 4500
040
_c
NUST
082
_a
515
_b
RUD
100
_a
Rudin, Walter
_9
74778
245
_a
Real and Complex Analysis /
_c
Walter Rudin
260
_a
New York :
_b
McGraw Hill;
_c
1970.
300
_a
424p.
521
_b
HB
942
_2
ddc
_c
BK
999
_c
607129
_d
607129